| 000 | 00892nas a2200253 4500 | ||
|---|---|---|---|
| 001 | BR9211934 | ||
| 003 | BR-BrBNA | ||
| 005 | 20231205093543.0 | ||
| 007 | ta | ||
| 008 | 230509b bl.|||p| |||| 00| 00por d | ||
| 040 |
_aBR-BrBNA _bpor _cBiblioteca Nacional de Agricultura |
||
| 041 | _a(Pt) | ||
| 072 | _aP34 | ||
| 100 | 1 | _aRamos, M.L.G. | |
| 100 | 1 | _aRibeiro Junior, W.Q. | |
| 245 | 1 | _aEspecificidade hospedeira entre estirpes de Bradyrhizobium japonicum e genotipos de soja com ciclo de maturacao tardio | |
| 246 | 1 | _aHost specificity among Bradyrhizobium japonicum strains and soybean cultivars with late maturation cycle | |
| 650 | _aSOJA | ||
| 650 | _aRHIZOBIUM | ||
| 650 | _aINOCULACAO | ||
| 773 | 0 |
_tPesquisa Agropecuaria Brasileira (Brazil) _xISSN 0100-204X _g(Feb 1992), v. 27(2) p. 259-263 _wBR9211934 |
|
| 909 |
_a202311 _bLúcia _c55 _dLúcia Elande |
||
| 942 |
_2AGRIS _n0 _cANA |
||
| 999 |
_c139127 _d139127 |
||